000 00656cab a2200217 4500
001 WB2549-35
008 090401t1989 xxu||||| |||| 00| 0 eng d
035 _a(Sirsi) u23749
041 _aeng
245 _aEstate agent`s fee
260 _c1989
350 _a0
490 _aDaily Mail
_v13/12/89 p12
520 _aAn estate agent sued a property owner for breaking a sole selling rights agreement, and was awarded damages over commission fees .
650 _aPROPERTY CHOICE
650 _aSOLE AGENCY
650 _aSOLE SELLING AGREEMENT
690 _aMANAGEMENT-BUSINESS MANAGEMENT-PROFESSIONAL PRACTICE
942 _n0
948 _c04/03/1997
999 _c15899
_d15899